POINTS DEVUE DES JEUNES /

محفوظ في:
التفاصيل البيبلوغرافية
المؤلف الرئيسي: Imberdis, Pierre (autor)
التنسيق: كتاب
سلاسل:MONDE ET FOI
الموضوعات:
الوسوم: إضافة وسم
لا توجد وسوم, كن أول من يضع وسما على هذه التسجيلة!

MARC

LEADER 00000nam^a2200000^a^4500
001 000236858
005 20250521000000.0
009 20260310104912.99
035 |a 058354 
037 |a Acervo Xavier Clavigero 
082 |a 259. 2  |b IMB 
100 |a Imberdis, Pierre  |e (autor) 
245 1 0 |a POINTS DEVUE DES JEUNES /  |c PIERRE IMBERDIS 
264 |a PARIS :  |b DU CHALET 
300 |a 104 p. 
336 |a texto  |b txt  |2 rdacontenido 
337 |a sin mediación  |b n  |2 rdamedio 
338 |a volumen  |b nc  |2 rdasoporte 
440 |a MONDE ET FOI 
649 |a XX 
650 |a JUVENTUD. 
650 |a Cristianismo 
910 |a Fondo General 
920 |a Impresos - Libros 
930 |a Colección General 
905 |a 101 
901 |a 058354  |b IT1  |c ACC  |i 058354  |u 20250521 
902 |a https://opac.biblio.iteso.mx/vufind/Record/000236858